| 000 | 01076nam a22003257a 4500 | ||
|---|---|---|---|
| 001 | 000690 | ||
| 003 | DO-SdBPM | ||
| 005 | 20260312110312.0 | ||
| 007 | ta | ||
| 008 | 161114b 2003 sp a ||||| |||| 00| 0 spa d | ||
| 020 | _a8420443638 | ||
| 040 |
_aDO-SdBPM _bspa _cBPMSU _erda |
||
| 082 | 0 | 4 |
_a 863.6 _bC341v 2003 _222 |
| 100 | 1 |
_aCaso, Ángeles, _d1959- _4aut. _eautor |
|
| 245 | 1 | 3 |
_aEl verano de Lucky / _cÁngeles Caso ; ilustraciones de Catherine Petra Phelps. |
| 250 | _a5ª ed. | ||
| 264 |
_aMadrid : _bAlfaguara, _c2003. |
||
| 300 |
_a122 páginas : _bilustraciones ; _c20 cm. |
||
| 336 |
_atexto _btxt _2rdacontent |
||
| 337 |
_asin mediación _bn _2rdamedia |
||
| 338 |
_avolumen _bn _2rdacarrier |
||
| 490 | 0 | _aAlfaguara infantil. | |
| 500 | _aIncluye datos de la autora | ||
| 500 | _aPara niños a partir de los 8 años. | ||
| 650 | 7 | _aCuentos infantiles españoles | |
| 650 | 7 |
_aAnimales _vCuentos infantiles |
|
| 700 | 1 |
_aPhelps, Catherine Petra, _eilustración |
|
| 910 | _aVMateo V. Control de calidad. BPMSU | ||
| 942 |
_2ddc _cBK |
||
| 999 |
_c11925 _d11925 |
||